000 00919cab a2200313 4500
001 ABS45064
008 090401t1991 xxu||||| |||| 00| 0 eng d
035 _a(Sirsi) u50786
041 _aeng
100 _aEllis, I.
245 _aRating of agricultural land and buildings
260 _c1991
350 _a0
490 _aIRRV Journal
_vAugust 1991, 203-204(2)
520 _aStudies the definitions, under Local Government Finance Act 1988 sched 5, of categories of land exempt from rating; refers to relevant case law under each type of property. First of three articles.
650 _aALLOTMENTS
650 _aEXEMPTION
650 _aFARM BUILDINGS
650 _aFARMLAND
650 _aMARKET GARDENS
650 _aNURSERIES
650 _aORCHARDS
650 _aPOULTRY FARMS
650 _aRACECOURSES
650 _aRATING
690 _aRURAL PRACTICE
942 _n0
948 _c04/03/1997
999 _c31701
_d31701